The state and higher education, (Record no. 21668)

MARC details
000 -LEADER
fixed length control field 01010cam a22002291 4500
001 - CONTROL NUMBER
control field e 39000307
003 - CONTROL NUMBER IDENTIFIER
control field DLC
005 - DATE AND TIME OF LATEST TRANSACTION
control field 20260227111228.0
008 - FIXED-LENGTH DATA ELEMENTS--GENERAL INFORMATION
fixed length control field 830606s1939 nyu 000 0 eng c
010 ## - LIBRARY OF CONGRESS CONTROL NUMBER
LC control number e 39000307
035 ## - SYSTEM CONTROL NUMBER
System control number (OCoLC)9580386
040 ## - CATALOGING SOURCE
Original cataloging agency U. S. Off. of educ. Library
Transcribing agency ICarbS
Modifying agency DLC
050 00 - LIBRARY OF CONGRESS CALL NUMBER
Classification number LA337
Item number .H6
100 1# - MAIN ENTRY--PERSONAL NAME
Personal name Horner, Harlan Hoyt,
Dates associated with a name 1878-1965.
245 14 - TITLE STATEMENT
Title The state and higher education,
Statement of responsibility, etc. by Harlan H. Horner, associate commissioner of education, New York state education department.
260 ## - PUBLICATION, DISTRIBUTION, ETC.
Place of publication, distribution, etc. Albany,
Name of publisher, distributor, etc. The University of the state of New York,
Date of publication, distribution, etc. 1939.
300 ## - PHYSICAL DESCRIPTION
Extent 3-36 p.
Other physical details incl. tables.
Dimensions 23 cm.
490 0# - SERIES STATEMENT
Series statement University of the state of New York bulletin,
Volume/sequential designation no. 1162 ... April 15, 1939
500 ## - GENERAL NOTE
General note "A paper presented at the annual meeting of the Association of colleges and universities of the state of New York at Syracuse, Friday, January 27, 1939."
650 #0 - SUBJECT ADDED ENTRY--TOPICAL TERM
Topical term or geographic name entry element Universities and colleges
Geographic subdivision New York (State)
650 #0 - SUBJECT ADDED ENTRY--TOPICAL TERM
Topical term or geographic name entry element Education and state
Geographic subdivision New York (State)

No items available.

Powered by Koha